[Event "POL-chT 2nd League"]
[Site "Sypniewo"]
[Date "2021.09.12"]
[Round "9.13"]
[White "Podgorski, Maciej"]
[Black "Grzegorski, Michal"]
[Result "1-0"]
[WhiteElo "1980"]
[BlackElo "1752"]
[PlyCount "79"]
[EventDate "2021.09.04"]
[EventType "team-swiss"]
[EventRounds "9"]
[EventCountry "POL"]
[SourceTitle "CBM 204 Extra"]
[Source "ChessBase"]
[SourceDate "2021.11.30"]
[SourceVersion "1"]
[SourceVersionDate "2021.11.30"]
[SourceQuality "1"]
[WhiteTeam "Warszawa Zugzwang"]
[BlackTeam "Kalisz KTS"]
[WhiteTeamCountry "POL"]
[BlackTeamCountry "POL"]

1. e4 c5 2. Nf3 d6 3. d4 cxd4 4. Nxd4 Nf6 5. Nc3 a6 6. Bg5 Nbd7 7. Qe2 h6 8. Bh4 g6 9. 0-0-0 Bg7 10. f4 Qc7 11. g4 e5 12. fxe5 dxe5 13. Nb3 b5 14. Nd5 Nxd5 15. exd5 Qd6 16. Bg2 Nf6 17. h3 0-0 18. Rhf1 Bb7 19. Na5 Rab8 20. Kb1 g5 21. Bg3 Bxd5 22. Rxf6 Bxa2+ 23. Kxa2 Qxf6 24. Be4 Rfd8 25. Nc6 Qe6+ 26. b3 Rxd1 27. Qxd1 Rc8 28. Qd5 Qxd5 29. Bxd5 Re8 30. Be4 h5 31. gxh5 f5 32. Bxf5 e4 33. c4 e3 34. c5 e2 35. Be1 Rf8 36. Ne7+ Kf7 37. c6 Be5 38. Ng6 Re8 39. Nxe5+ Rxe5 40. c7 1-0

[Event "POL-chT 2nd League"]
[Site "Sypniewo"]
[Date "2021.09.10"]
[Round "7.10"]
[White "Powalka, Michal"]
[Black "Grzegorski, Michal"]
[Result "1-0"]
[WhiteElo "1970"]
[BlackElo "1752"]
[PlyCount "97"]
[EventDate "2021.09.04"]
[EventType "team-swiss"]
[EventRounds "9"]
[EventCountry "POL"]
[SourceTitle "CBM 204 Extra"]
[Source "ChessBase"]
[SourceDate "2021.11.30"]
[SourceVersion "1"]
[SourceVersionDate "2021.11.30"]
[SourceQuality "1"]
[WhiteTeam "Bialoleka Sparta"]
[BlackTeam "Kalisz KTS"]
[WhiteTeamCountry "POL"]
[BlackTeamCountry "POL"]

1. e4 c5 2. Nf3 d6 3. d4 cxd4 4. Nxd4 Nf6 5. Nc3 a6 6. Bg5 Nbd7 7. f4 Qc7 8. Qf3 h6 9. Bxf6 Nxf6 10. f5 Qc5 11. 0-0-0 g5 12. h4 g4 13. Qd3 Bg7 14. Be2 b5 15. Rhe1 Bb7 16. Kb1 Rc8 17. Nb3 Qe5 18. Qd4 Qxd4 19. Nxd4 Rxc3 20. bxc3 Nxe4 21. Kb2 Kd7 22. Bxg4 Bf6 23. Bf3 d5 24. Bxe4 dxe4 25. Ne6+ Kc8 26. Nc5 b4 27. Nxe4 bxc3+ 28. Kb3 Bxh4 29. g3 Bxe4 30. gxh4 Bxf5 31. Rxe7 Be6+ 32. Kxc3 Rg8 33. a3 Rg4 34. Rd4 Rg3+ 35. Kb4 a5+ 36. Ka4 Rc3 37. Kxa5 Rxc2 38. Kb6 Rb2+ 39. Rb4 Ra2 40. a4 Kd8 41. Ra7 Ra1 42. a5 Rd1 43. Ra8+ Ke7 44. Rh8 Rd6+ 45. Kb7 Bd5+ 46. Ka7 Rd7+ 47. Kb6 Rd6+ 48. Kc5 Bf3 49. Re8+ 1-0

[Event "POL-chT 2nd League"]
[Site "Sypniewo"]
[Date "2021.09.07"]
[Round "4.15"]
[White "Grzegorski, Michal"]
[Black "Lewandowski, Wiktor"]
[Result "1/2-1/2"]
[WhiteElo "1752"]
[BlackElo "1812"]
[PlyCount "90"]
[EventDate "2021.09.04"]
[EventType "team-swiss"]
[EventRounds "9"]
[EventCountry "POL"]
[SourceTitle "CBM 204 Extra"]
[Source "ChessBase"]
[SourceDate "2021.11.30"]
[SourceVersion "1"]
[SourceVersionDate "2021.11.30"]
[SourceQuality "1"]
[WhiteTeam "Kalisz KTS"]
[BlackTeam "Legnica Miedz II"]
[WhiteTeamCountry "POL"]
[BlackTeamCountry "POL"]

1. e4 c5 2. Nf3 e6 3. d4 cxd4 4. Nxd4 a6 5. c4 Nf6 6. Nc3 Bb4 7. Bd3 Nc6 8. Nc2 Bc5 9. a3 0-0 10. b4 Ba7 11. 0-0 d6 12. Kh1 e5 13. Nd5 Nxd5 14. exd5 Nd4 15. Be3 Nxc2 16. Qxc2 g6 17. Bxa7 Rxa7 18. f4 exf4 19. Rxf4 a5 20. Raf1 axb4 21. axb4 b6 22. Rf6 Bf5 23. R6xf5 gxf5 24. Bxf5 f6 25. c5 bxc5 26. bxc5 dxc5 27. Qxc5 Rc7 28. Qd4 Kh8 29. d6 Rg7 30. d7 Qe7 31. Rc1 Rd8 32. Rc8 Rgg8 33. Rxd8 Qe1+ 34. Qg1 Qxg1+ 35. Kxg1 Rxd8 36. Kf2 Kg7 37. Kf3 Kf7 38. Kg4 Rg8+ 39. Kf4 Ke7 40. g4 h6 41. h4 Rd8 42. h5 Rg8 43. Ke4 Ra8 44. Kd5 Ra6 45. Kc5 Rd6 1/2-1/2

[Event "POL-ch U18"]
[Site "Szklarska Poreba"]
[Date "2021.03.21"]
[Round "9"]
[White "Grzegorski, Michal"]
[Black "Panek, Bartosz"]
[Result "1/2-1/2"]
[WhiteElo "1793"]
[BlackElo "1929"]
[PlyCount "81"]
[EventDate "2021.03.13"]
[EventType "swiss"]
[EventRounds "9"]
[EventCountry "POL"]
[SourceTitle "CBM 201 Extra"]
[Source "ChessBase"]
[SourceDate "2021.05.31"]
[SourceVersion "1"]
[SourceVersionDate "2021.05.31"]
[SourceQuality "1"]

1. b3 e5 2. Bb2 Nc6 3. e3 Nge7 4. Nf3 e4 5. Nd4 Nxd4 6. Bxd4 Nc6 7. Bb2 d5 8. d3 Be6 9. dxe4 dxe4 10. Nc3 f5 11. Bb5 Be7 12. Ne2 0-0 13. Bxc6 bxc6 14. Qxd8 Raxd8 15. Nd4 Bd7 16. c4 c5 17. Ne2 Bc6 18. Rd1 g5 19. g3 h6 20. Nc3 a6 21. Ke2 Bf6 22. Rxd8 Rxd8 23. Rd1 Rxd1 24. Nxd1 Bxb2 25. Nxb2 Kf7 26. Na4 Bxa4 27. bxa4 a5 28. f4 exf3+ 29. Kxf3 Kf6 30. e4 h5 31. exf5 Kxf5 32. h3 Ke5 33. Ke3 h4 34. g4 Kf6 35. Kf3 Ke7 36. Ke3 Kf6 37. Kf3 Ke5 38. Ke3 Kf6 39. Kf3 Ke6 40. Ke2 Ke5 41. Ke3 1/2-1/2

[Event "POL-ch U18"]
[Site "Szklarska Poreba"]
[Date "2021.03.19"]
[Round "7"]
[White "Grzegorski, Michal"]
[Black "Krawczyk, Wojciech"]
[Result "0-1"]
[WhiteElo "1793"]
[BlackElo "1900"]
[PlyCount "132"]
[EventDate "2021.03.13"]
[EventType "swiss"]
[EventRounds "9"]
[EventCountry "POL"]
[SourceTitle "CBM 201 Extra"]
[Source "ChessBase"]
[SourceDate "2021.05.31"]
[SourceVersion "1"]
[SourceVersionDate "2021.05.31"]
[SourceQuality "1"]

1. e4 d5 2. exd5 Qxd5 3. Nc3 Qd6 4. d4 Nf6 5. Nf3 Bg4 6. h3 Bxf3 7. Qxf3 c6 8. Be3 e6 9. Bd3 Nbd7 10. 0-0-0 Nd5 11. Bd2 Nxc3 12. Bxc3 Nf6 13. Bc4 Nd5 14. Bd2 Be7 15. Bxd5 Qxd5 16. Qxd5 cxd5 17. Bf4 Kd7 18. Kd2 Rac8 19. Kd3 Rc6 20. Rhe1 Rhc8 21. Re2 b5 22. a3 a5 23. Be5 g6 24. g4 Rc4 25. Ra1 f6 26. Bg3 b4 27. axb4 Bxb4 28. Ra4 Be1 29. Rxc4 dxc4+ 30. Ke4 Bb4 31. f4 f5+ 32. gxf5 gxf5+ 33. Kf3 Bd6 34. Be1 a4 35. Bc3 Rc7 36. Re1 Ra7 37. Bd2 a3 38. bxa3 Rxa3+ 39. c3 Ra2 40. Re2 Kc6 41. Ke3 Ra1 42. Be1 Kd5 43. Kf3 Rd1 44. Bd2 h5 45. Rf2 Rg1 46. Re2 h4 47. Be1 Rf1+ 48. Bf2 Rh1 49. Bxh4 Rxh3+ 50. Bg3 Rh1 51. Be1 Rf1+ 52. Bf2 Rd1 53. Be1 Rd3+ 54. Re3 Ba3 55. Ke2 Rxe3+ 56. Kxe3 Bc1+ 57. Kf3 Kc6 58. Bg3 Bd2 59. Bh4 Bxc3 60. Ke3 Kd5 61. Bf6 Bb2 62. Kd2 Bxd4 63. Bg5 Ke4 64. Kc2 Be3 65. Kc3 Bxf4 66. Be7 Kd5 0-1

[Event "POL-ch U18"]
[Site "Szklarska Poreba"]
[Date "2021.03.18"]
[Round "6"]
[White "Gorkiewicz, Mateusz"]
[Black "Grzegorski, Michal"]
[Result "1-0"]
[WhiteElo "2030"]
[BlackElo "1793"]
[PlyCount "77"]
[EventDate "2021.03.13"]
[EventType "swiss"]
[EventRounds "9"]
[EventCountry "POL"]
[SourceTitle "CBM 201 Extra"]
[Source "ChessBase"]
[SourceDate "2021.05.31"]
[SourceVersion "1"]
[SourceVersionDate "2021.05.31"]
[SourceQuality "1"]

1. e4 c5 2. Nf3 e6 3. d4 cxd4 4. Nxd4 a6 5. Bd3 Nc6 6. Nxc6 dxc6 7. 0-0 e5 8. Nd2 Bc5 9. Nc4 Qe7 10. a4 a5 11. Qh5 Nf6 12. Qxe5 Qxe5 13. Nxe5 0-0 14. Bd2 Re8 15. Bc3 Bb4 16. Bxb4 axb4 17. f4 Nd7 18. Nxd7 Bxd7 19. b3 c5 20. e5 Bc6 21. Rfd1 Red8 22. Kf2 Kf8 23. g3 Ke7 24. Ke3 f6 25. Bc4 h6 26. h4 fxe5 27. fxe5 g5 28. hxg5 hxg5 29. Rxd8 Rxd8 30. Rf1 Rd4 31. Rf7+ Ke8 32. e6 Re4+ 33. Kf2 Rd4 34. Rf5 b6 35. a5 bxa5 36. Rxc5 Bh1 37. Rc8+ Ke7 38. Rc7+ Kd8 39. e7+ 1-0

[Event "POL-ch U18"]
[Site "Szklarska Poreba"]
[Date "2021.03.17"]
[Round "5"]
[White "Grzegorski, Michal"]
[Black "Warchol, Bartosz"]
[Result "1-0"]
[WhiteElo "1793"]
[BlackElo "2082"]
[PlyCount "143"]
[EventDate "2021.03.13"]
[EventType "swiss"]
[EventRounds "9"]
[EventCountry "POL"]
[SourceTitle "CBM 201 Extra"]
[Source "ChessBase"]
[SourceDate "2021.05.31"]
[SourceVersion "1"]
[SourceVersionDate "2021.05.31"]
[SourceQuality "1"]

1. b3 e5 2. Bb2 Nc6 3. e3 d5 4. Bb5 f6 5. Ne2 Bd6 6. c4 dxc4 7. Bxc4 Na5 8. Bd3 Ne7 9. Qc2 g6 10. f4 Nac6 11. a3 Be6 12. 0-0 Qd7 13. Bb5 a6 14. fxe5 Bxe5 15. Bxc6 Qxc6 16. Qxc6+ Nxc6 17. d4 Bd6 18. Rxf6 Ke7 19. Rf1 Bxb3 20. Nd2 Bc2 21. e4 Ke8 22. e5 Be7 23. d5 Bg5 24. Nf4 Ne7 25. d6 Nf5 26. e6 Rf8 27. e7 Nxe7 28. Ne6 Rxf1+ 29. Nxf1 Kd7 30. Nxg5 Kxd6 31. Ne3 Bf5 32. Rd1+ Kc6 33. Nxf5 Nxf5 34. Nxh7 Re8 35. Kf2 Ne3 36. Rd3 Nc4 37. Bc1 Rh8 38. Rh3 Kb5 39. Rb3+ Kc5 40. Rh3 b5 41. Ng5 Re8 42. Rh7 c6 43. Rg7 Ne5 44. Bd2 Kc4 45. Ra7 Rd8 46. Ke2 Re8 47. Rxa6 Ng4+ 48. Kd1 Nxh2 49. Rxc6+ Kb3 50. Bb4 Ng4 51. Kd2 Ne5 52. Re6 Nc4+ 53. Ke2 Rg8 54. Ra6 Re8+ 55. Ne6 Kc2 56. Kf3 Ne5+ 57. Ke4 Nf7 58. Kd5 Rb8 59. Kc5 Ne5 60. Nd4+ Kd3 61. Nxb5 Nd7+ 62. Kd6 Rxb5 63. Kxd7 Rg5 64. Rd6+ Kc4 65. Rd2 Kb5 66. Ke6 Ka4 67. Kf6 Rg4 68. Bd6 Kb3 69. g3 Ka4 70. Rd3 Kb5 71. Bf4 Ka4 72. Rd5 1-0